[Event "East Region Universities"]
[Site "Tunja"]
[Date "2012.09.13"]
[Round "2.4"]
[White "Torres Marino, Fernando"]
[Black "Avellaneda, Jonathan"]
[Result "1-0"]
[WhiteElo "1621"]
[BlackElo "1946"]
[PlyCount "77"]
[EventDate "2012.09.13"]
[EventType "swiss"]
[EventRounds "6"]
[EventCountry "COL"]
[SourceTitle "EXT 2024"]
[Source "ChessBase"]
[SourceDate "2023.10.10"]
[SourceVersion "1"]
[SourceVersionDate "2023.10.10"]
[SourceQuality "1"]

1. Nf3 d5 2. b3 Nf6 3. Bb2 e6 4. e3 Nbd7 5. Ne5 Be7 6. f4 Nxe5 7. Bxe5 c5 8. Be2 Ne4 9. 0-0 Bf6 10. d3 Nd6 11. Bc3 d4 12. exd4 Nf5 13. Qd2 Bxd4+ 14. Kh1 Qh4 15. Rf3 Bf2 16. Rh3 Qd8 17. Bg4 Bd4 18. Bxf5 exf5 19. Bxd4 Qxd4 20. Qe3+ Qxe3 21. Rxe3+ Be6 22. Na3 0-0-0 23. Rae1 a6 24. Kg1 Rd4 25. g3 Rhd8 26. Kf2 h5 27. h4 Kc7 28. Nb1 b5 29. Nd2 c4 30. Nf3 R4d6 31. Ke2 Bd5 32. Kd2 cxd3 33. cxd3 Be4 34. Rc1+ Kb7 35. Ne1 Rd4 36. Ke2 Bc6 37. Rc5 g6 38. Re7+ Kb6 39. Rd7 1-0

[Event "Duitama Perla de Boyaca"]
[Site "Duitama"]
[Date "2012.02.20"]
[Round "3.3"]
[White "Avellaneda, Jonathan"]
[Black "Corredor Sanchez, Fabian Ricardo"]
[Result "1-0"]
[WhiteElo "2011"]
[BlackElo "1991"]
[PlyCount "37"]
[EventDate "2012.02.20"]
[EventType "tourn"]
[EventRounds "10"]
[EventCountry "COL"]
[SourceTitle "EXT 2024"]
[Source "ChessBase"]
[SourceDate "2023.10.10"]
[SourceVersion "1"]
[SourceVersionDate "2023.10.10"]
[SourceQuality "1"]

1. e4 e5 2. Nf3 Nf6 3. d4 exd4 4. e5 Nd5 5. Qxd4 Nb4 6. Qe4 N8c6 7. Nc3 Be7 8. Bc4 d5 9. Nxd5 Nxd5 10. Bxd5 0-0 11. Bxc6 bxc6 12. Qxc6 Rb8 13. 0-0 Bb7 14. Qc4 Bxf3 15. gxf3 Qd7 16. b3 Rb4 17. Qc3 Rfb8 18. Bb2 a5 19. e6 1-0

[Event "Boyaca Region-ch qual"]
[Site "Duitama"]
[Date "2010.05.16"]
[Round "4.1"]
[White "Avellaneda, Jonathan"]
[Black "Cadena, Juan Manuel"]
[Result "0-1"]
[WhiteElo "2014"]
[BlackElo "2156"]
[PlyCount "56"]
[EventDate "2010.05.15"]
[EventType "swiss"]
[EventRounds "6"]
[EventCountry "COL"]
[SourceTitle "EXT 2024"]
[Source "ChessBase"]
[SourceDate "2023.10.10"]
[SourceVersion "1"]
[SourceVersionDate "2023.10.10"]
[SourceQuality "1"]

1. e4 e5 2. Nf3 Nf6 3. Nxe5 d6 4. Nf3 Nxe4 5. Qe2 Qe7 6. d3 Nf6 7. Bg5 Be6 8. Nc3 h6 9. Bh4 g5 10. Bg3 Nc6 11. 0-0-0 0-0-0 12. a3 Qd7 13. d4 Re8 14. Qb5 a6 15. Qa4 Nb8 16. Qxd7+ Nbxd7 17. h4 g4 18. Nd2 Nh5 19. Bh2 Bg7 20. Nde4 Ndf6 21. Bd3 Nxe4 22. Nxe4 Bxd4 23. Bxd6 cxd6 24. Nxd6+ Kc7 25. Nxe8+ Rxe8 26. Rhf1 Nf4 27. g3 Nxd3+ 28. cxd3 Bb3 0-1

[Event "COL-ch U20"]
[Site "Bogota"]
[Date "2010.04.18"]
[Round "7"]
[White "Dominguez, Oscar Alberto"]
[Black "Avellaneda, Jonathan"]
[Result "1/2-1/2"]
[WhiteElo "1892"]
[BlackElo "2039"]
[PlyCount "61"]
[EventDate "2010.04.15"]
[EventType "swiss"]
[EventRounds "7"]
[EventCountry "COL"]
[SourceTitle "CBM 135 Extra"]
[Source "ChessBase"]
[SourceDate "2010.05.04"]
[SourceVersion "1"]
[SourceVersionDate "2010.05.04"]
[SourceQuality "1"]

1. e4 e5 2. Nf3 Nc6 3. Bb5 a6 4. Ba4 Nf6 5. d4 exd4 6. 0-0 Be7 7. Re1 0-0 8. e5 Ne8 9. Bf4 f6 10. Nxd4 Nxe5 11. Bb3+ Kh8 12. Bxe5 fxe5 13. Rxe5 Bd6 14. Rf5 Nf6 15. Nc3 b6 16. Rf3 Bb7 17. Rh3 Bc5 18. Nf5 Qe8 19. Na4 Bxf2+ 20. Kxf2 Ne4+ 21. Kg1 Rxf5 22. Qg4 Qe5 23. Re1 Qd4+ 24. Rhe3 Raf8 25. Qe2 Rf2 26. c3 Qd2 27. Rf3 Rxg2+ 28. Kxg2 Qxe2+ 29. Rxe2 Ng5 30. Ree3 Nxf3 31. Kg3 1/2-1/2

[Event "Bogota Mila Memorial op"]
[Site "Bogota"]
[Date "2009.04.??"]
[Round "8"]
[White "Avellaneda, Jonathan"]
[Black "Perez Olarte, Cesar Camilo"]
[Result "1-0"]
[WhiteElo "2039"]
[BlackElo "2102"]
[PlyCount "69"]
[EventDate "2009.04.??"]
[EventType "swiss"]
[EventRounds "9"]
[EventCountry "COL"]
[SourceTitle "EXT 2014"]
[Source "ChessBase"]
[SourceDate "2013.11.20"]
[SourceVersion "1"]
[SourceVersionDate "2013.11.20"]
[SourceQuality "1"]

1. e4 c5 2. Nf3 d6 3. Bc4 e6 4. 0-0 Nf6 5. Re1 Be7 6. c3 0-0 7. d3 Nc6 8. Nbd2 Rb8 9. Bb3 b5 10. Nf1 Bb7 11. Ng3 Qc7 12. Bf4 Ne5 13. Bc2 Rbc8 14. Rc1 Nxf3+ 15. Qxf3 Qa5 16. a3 Qb6 17. Qe2 a5 18. Nh5 Nxh5 19. Qxh5 e5 20. Be3 b4 21. axb4 axb4 22. c4 Ra8 23. Bb3 Bc8 24. f4 exf4 25. Bxf4 Bf6 26. e5 dxe5 27. Bxe5 Bxe5 28. Rxe5 g6 29. Qh4 Bf5 30. d4 cxd4 31. c5 Qd8 32. Re7 Ra7 33. Rce1 Rxe7 34. Rxe7 d3 35. Qf6 1-0

[Event "COL-ch U20"]
[Site "Bogota"]
[Date "2008.05.25"]
[Round "4.18"]
[White "Lopez Idarraga, Daniel Eduardo"]
[Black "Avellaneda, Jonathan"]
[Result "1-0"]
[WhiteElo "1748"]
[BlackElo "1691"]
[PlyCount "107"]
[EventDate "2008.05.23"]
[EventType "swiss"]
[EventRounds "7"]
[EventCountry "COL"]
[SourceTitle "EXT 2024"]
[Source "ChessBase"]
[SourceDate "2023.10.10"]
[SourceVersion "1"]
[SourceVersionDate "2023.10.10"]
[SourceQuality "1"]

1. e4 e5 2. Nf3 d6 3. d4 Nd7 4. Bc4 c6 5. a4 Be7 6. Nc3 Ngf6 7. 0-0 0-0 8. a5 Qc7 9. h3 h6 10. Be3 Re8 11. d5 Nf8 12. Qd2 Bd7 13. b4 cxd5 14. Bxd5 Bc6 15. b5 Nxd5 16. Nxd5 Bxd5 17. Qxd5 Nd7 18. Qb3 Nc5 19. Bxc5 dxc5 20. Nd2 Rad8 21. Nc4 Rd4 22. f3 Bg5 23. Rfd1 Red8 24. c3 Rd3 25. b6 axb6 26. Nxb6 c4 27. Qa4 Be3+ 28. Kh1 Rxd1+ 29. Rxd1 Rxd1+ 30. Qxd1 Bxb6 31. axb6 Qxb6 32. Qd5 Qc7 33. Kh2 Kf8 34. Kg3 Ke8 35. Qb5+ Ke7 36. Qb4+ Ke6 37. Qf8 Kf6 38. Qb4 b6 39. Qf8 Qc6 40. h4 Qe6 41. h5 Qe7 42. Qc8 Qe6 43. Qd8+ Qe7 44. Qxb6+ Kg5 45. Qb5 Kxh5 46. Kf2 Qe6 47. f4 f6 48. f5 Qf7 49. Qb1 Qa7+ 50. Kf3 Qa3 51. Qe1 Qb2 52. g4+ Kg5 53. Kg3 Qc2 54. Qe3# 1-0